Dawne nazwy przystanków w Krakowie - Statystyki

Ogólne statystyki
  • Ten quiz został rozwiązany 42 razy
  • Średni wynik to 17 z 74
Statystyki odpowiedzi
Obecna nazwa Dawna nazwa % Poprawnych
AKF/PK AWF
88%
Teatr Słowackiego Dworzec Główny
64%
Ogród Doświadczeń M1 Al. Pokoju
58%
Kamieńskiego Wiadukt Bonarka
52%
Zalew Nowohucki Bulwarowa
52%
Gałczyńskiego Centralna
52%
Solvay Borek Fałęcki I
48%
UJ/AST Uniwersytet Jagielloński
45%
TAURON Arena Kraków Wieczysta Wieczysta
45%
Cmentarz Rakowicki Zachód Cmentarz
42%
Kościuszkowców Solvay
42%
UKEN Uniwersytet Pedagogiczny
42%
Prądnik Biały Wschód Górka Narodowa
39%
Grota-Roweckiego Ruczaj I
39%
Kampus UP Chmieleniec
36%
Teatr Variete Al. Pokoju
33%
Cogiteon Jurczaka
33%
Centralna M1 Nowohucka
33%
Bronowice SKA Bronowice Wiadukt
30%
Elektrociepłownia EC Łęg
30%
Os. Gotyk Górka Narodowa Wschód
30%
Dobrego Pasterza Al. 29 Listopada
24%
Kokotów SKA Bieżanów
24%
Cmentarz Prądnik Czerwony Cmentarz Batowice
24%
Arctowskiego Elektrociepłownia Kraków
24%
Muzeum Fotografii Rakowicka
24%
Stary Kleparz Basztowa LOT
21%
Rondo Grunwaldzkie Centrum Kongresowe ICE
21%
Muzeum Narodowe Cracovia
21%
Radio Kraków Grottgera
21%
Rondo 308. Dywizjonu Nowohucka
21%
Krowodrza Górka P+R Os. XXX-Lecia PRL
21%
Lipska Płaszów
21%
Podgórze SKA Powstańców Wielkopolskich
21%
Łagiewniki SKA Sanktuarium Bożego Miłosierdzia
21%
UR Al. 29 Listopada Uniwersytet Rolniczy
21%
Kombinat C.A. H.T.S.
18%
Chopina Kawiory
18%
Bonarka SKA Tischnera
18%
Górka Narodowa P+R Belwederczyków
15%
Rondo Hipokratesa Bieńczyce
15%
Rondo Barei Dobrego Pasterza
15%
Ks. Meiera Kuźnicy Kołłątajowskiej
15%
Bitschana Olszecka
15%
Promienistych Olszecka
15%
Vetulaniego Prądnik Biały Zachód
15%
Rondo Grzegórzeckie Rzeźnicza
15%
Kuźnicy Kołłątajowskiej Słomczyńskiego
15%
Botewa Jeżowa
12%
Czerwone Maki P+R Kampus UJ
12%
Św. Gertrudy Kino Wanda
12%
Rzebika Lipska
12%
TAURON Arena Kraków Al. Pokoju Ogródki Działkowe
12%
Miechowity Olsza II
12%
Norymberska Rostworowskiego
12%
Szpital Jana Pawła II Zdrowa
12%
Powstańców Magazyny Batowice PKP
9%
Kurzei Bohomolca
9%
Rostworowskiego Bułgarska
9%
Szpital Narutowicza Prądnicka
9%
Lekarska Artigraph
6%
Park Wodny Brzechwy
6%
Morcinka Grębałów Skrzyżowanie
6%
Piastowska Hoffmana
6%
Biskupa Prandoty Langiewicza
6%
Miśnieńska Mistrzejowice I
6%
Wierzyńskiego Mydlniki
6%
Mały Płaszów P+R Os. Lipska
6%
Turowicza Przykopy
6%
Witkowice Nowe Straż Pożarna
6%
Kuklińskiego Szklarska
6%
Kampus UJ Wydział Biologii UJ
6%
Kamieńskiego Naftobudowa
3%
Połomskiego Turowicza
3%
Nie znaleziono quizów pasujących do podanych kryteriów
Rozkład punktacji
Procent ludzi z każdym wynikiem
Percentyl według liczby udzielonych odpowiedzi
Twoja historia wyników
Nie rozwiązałeś tego quizu